| 000 | 01888nam0a2200409 4500 | ||
|---|---|---|---|
| 001 | RU\NLR\BIBL_A\011522923 | ||
| 005 | 20241103120705.0 | ||
| 010 |
_a9785040893805 _93000 |
||
| 021 |
_aRU _b2017-78832 _95625 |
||
| 035 | _a(RuMoRGB)009425948 | ||
| 035 | _a(NLR Aleph) 011522923 | ||
| 090 |
_a12105231 _c12105231 |
||
| 100 | _a20171110d2017 ek y0rusy50 ca | ||
| 101 | 0 | _arus | |
| 102 | _aRU | ||
| 105 | _aa j 000zy | ||
| 200 | 1 |
_aРусский язык _eпошаговая подготовка _e[необходимые теоретические сведения, материалы для закрепления знаний в виде схем и таблиц, задания по теме в форме ЕГЭ _eдля старшего школьного возраста] _fЕ. М. Ткаченко, Е. О. Воскресенская, А. В. Турок |
|
| 210 |
_aМосква _cЭксмо _d2017 |
||
| 215 |
_a284, [1] с. _cсхем. _d26 |
||
| 225 | 1 | _aЭффективная подготовка к ЕГЭ | |
| 225 | 1 |
_aЕГЭ _eнеделя за неделей |
|
| 300 | _aНа обл. авт. не указаны | ||
| 333 | _a6+ | ||
| 606 |
_aРусский язык _jУчебные издания для высших учебных заведений _91533567 _3RU\NLR\AUTH\66969347 |
||
| 610 | 0 | _aЕГЭ - русский язык | |
| 686 |
_aШ141.2-922.1(2) _2rubbk |
||
| 686 |
_aШ141.2-922.4 _2rubbk |
||
| 686 |
_aЧ426.131(2)-285.3,0 _2rubbk |
||
| 686 | 3 | _aШ141.12-922.1[11] | |
| 686 | 1 | _aШ141.12-925.3 | |
| 700 | 1 |
_aТкаченко _bЕ. М. _gЕлизавета Михайловна |
|
| 701 | 1 |
_aВоскресенская _bЕ. О. _gЕкатерина Олеговна |
|
| 701 | 1 |
_aТурок _bА.В. _gАлла Викторовна |
|
| 942 | _cBOOK | ||
| 980 | _aNBR | ||